Маси и власт (Запис номер 91404)
[ съкратено ]
| 000 -Лидер | |
|---|---|
| Контролно поле с фиксирана дължина | 02300nam a2200505 c 4500 |
| 003 - Код на организацията, давaща контролен номер | |
| Контролно поле | BLK |
| 005 - Дата и час на последна редакция | |
| Контролно поле | 20250728130531.0 |
| 008 - Елементи от данни с фиксирана дължина | |
| fixed length control field | 180408b bul|||||r ||||||| ||bul|| |
| 010 ## - Наследен системен номер | |
| LC control number | KNG00096161000 |
| 020 ## - Международен стандартен номер на книга ISBN | |
| Международен стандартен номер на книга ISBN | 978-954-9933-94-9 |
| 040 ## - Източник на каталожния запис | |
| Идентификатор на билиотеката - собственик на записа | BLK |
| 041 ## - Код за език | |
| Код за езика на текст/звукозапис или на отделно заглавие | Български |
| Код за езика КДБФ | Български |
| 072 #7 - Код за тематичната категория | |
| Код организация | bullib |
| Код за тематична категория | Н30 |
| Текст | Обществени науки Н |
| 080 ## - УДК | |
| Текстов определител УДК | Власт (Суверенитет) |
| УДК код - определител по УДК | 321.011 |
| УДК определител | :316 |
| УДК - код + определител | 321.011:316 |
| 080 ## - УДК | |
| Текстов определител УДК | Социално поведение. Девиантно поведение. Социална патология. Активност и пасивност, конвенционално поведение, мотивация, потребности, стремежи |
| УДК код - определител по УДК | 316.62 |
| УДК - код + определител | 316.62 |
| 080 ## - УДК | |
| Текстов определител УДК | Психология на расата. Народопсихология |
| УДК код - определител по УДК | 159.922.4 |
| УДК - код + определител | 159.922.4 |
| 100 ## - Редна дума - Автор | |
| Автор | Канети, Елиас |
| Дати, свързани с автора | 1905 - 1994 |
| Автор - информация (биография) | Австрийски писател - нобелист, роден в Русе |
| Авторска отговорност | първи автор |
| R(LIN) | 367554 |
| 139 ## - Редно поле | |
| Редна дума | Канети, Елиас |
| Авторски знак | Канг - К 25 |
| 245 10 - Сведения за заглавието | |
| Заглавие | Маси и власт |
| Редно поле (дума) | Елиас Канети; прев. от нем. Елисавета Кузманова. |
| 250 ## - Област на изданието | |
| Сведения за изданието | 2. изд. |
| 257 ## - Страна на издаване | |
| Страна на създаване/издаване | Австрия |
| 260 ## - Област на издателските данни | |
| Име на издателя, разпространителя и проч. | Lege Artis |
| Година на издаване | 2009 |
| Печатница | София : Артграф |
| 300 ## - Физическа характеристика | |
| Страници | 511 с. |
| Размери/Мащаб | 24 см |
| 380 ## - Жанр | |
| Жанр | Обществени науки |
| 500 ## - Общи забележки | |
| Забележка | Ориг. загл. Masse and Macht / Elias Canetti. - Библиогр. с. 499-508. |
| 650 #4 - Допълнително описание по предмет – тема | |
| Основно описание – тема или топоним | Власт - философско-социологически анализ |
| 9 (RLIN) | 259006 |
| 650 #4 - Допълнително описание по предмет – тема | |
| Основно описание – тема или топоним | Общество - политико-философски проблеми |
| 9 (RLIN) | 254118 |
| 650 #4 - Допълнително описание по предмет – тема | |
| Основно описание – тема или топоним | Социална психология |
| 9 (RLIN) | 243161 |
| 650 #4 - Допълнително описание по предмет – тема | |
| Основно описание – тема или топоним | Народопсихология |
| 9 (RLIN) | 163472 |
| 653 ## - Ключова дума – ненормативна | |
| Ключова дума | власт |
| 653 ## - Ключова дума – ненормативна | |
| Ключова дума | общество |
| 653 ## - Ключова дума – ненормативна | |
| Ключова дума | философия |
| 653 ## - Ключова дума – ненормативна | |
| Ключова дума | социална психология |
| 653 ## - Ключова дума – ненормативна | |
| Ключова дума | народопсихология |
| 659 ## - Тематичен бюлетин | |
| Тематичен бюлетин | Н |
| 700 1# - Други автори (авторска отговорност) | |
| Лично име | Кузманова, Елисавета |
| Автороска отговорност (Описва отношението между автора и произведението) | прев. от нем. |
| 9 (RLIN) | 364805 |
| 852 ## - Местоположение | |
| Форматна сигнатура | Цб 248122 |
| 852 ## - Местоположение | |
| Форматна сигнатура | К 821/К 25 Е |
| 856 4# - Електронен адрес и достъп | |
| Електронен формат | pdf - файл |
| 856 4# - Електронен адрес и достъп | |
| Електронен формат | pdf - файл |
| 999 ## - СИСТЕМНИ КОНТРОЛНИ НОМЕРА | |
| Koha biblionumber | 91404 |
| Koha biblioitemnumber | 91404 |
| 942 ## - АРТИКУЛИ | |
| Вид на библиотечния материал | Книги |
| Скрит в OPAC | Не |
| Koha issues (borrowed), all copies | 15 |
| Периодичен библиозапис | Да |
| 944 ## - СЪЗДАВАНЕ И РЕДАКЦИЯ на ЗАПИСА | |
| Създаване/Редакция | Създаване |
| Дата на регистрацията/редакция | 18.05.2010 |
| Статус, дата на статуса | Цветомила Тодорова |
| Служител, извършил регистрацията/редакцията | 30576 |
| 944 ## - СЪЗДАВАНЕ И РЕДАКЦИЯ на ЗАПИСА | |
| Създаване/Редакция | Редакция |
| Дата на регистрацията/редакция | 19.08.2010 |
| Статус, дата на статуса | ф / |
| 999 ## - СИСТЕМНИ КОНТРОЛНИ НОМЕРА | |
| Koha biblioitemnumber | 91404 |
| Код за отписване | Код за изгубен артикул | Код за повреда | Коз за рестрикции | Код за отдаване | Артикулен № | Име на библиотеката - собственик | Име на библиотеката, в която се намира в момента | Статус (Текущо местоположение) | Дата на вписване в системата | Местоположение - отдел | Цена в лева | Инвентарен номер | Систематично азбучна сигнатура | Баркод | Номер на екземпляра | Цена в евро | Служебна бележка | Служебен тип на артикула | Източник на класификационната схема |
|---|---|---|---|---|---|---|---|---|---|---|---|---|---|---|---|---|---|---|---|
| Не е изгубен | Не е повреден | без рестрикции | заемане за дома | 147403 | Регионална библиотека "Любен Каравелов" Русе | Регионална библиотека "Любен Каравелов" Русе | Заемна - подръчен фонд | 2010-05-18 | Заемна - подръчен фонд | 20.00 | 120000744403 | П 32/К 25 | 120000744403 | 1 | 10.23 | Дост: Pk Вид: Ф N: 27777 Дата: 18.05.2010 Дата инв: 02.02.2018 Бележки инв: П2018 | Книги | ||
| Не е изгубен | Не е повреден | без рестрикции | ползва се в читалня | 147404 | Регионална библиотека "Любен Каравелов" Русе | Регионална библиотека "Любен Каравелов" Русе | Краезнание | 2010-05-18 | Краезнание | 20.00 | 120000744404 | К 821/К 25 Е | 120000744404 | 2 | 10.23 | Дост: Pk Вид: Ф N: 27777 Дата: 18.05.2010 Дата инв: 08.11.2017 Бележки инв: К2017 | Книги | Universal Decimal Classification | |
| Не е изгубен | Не е повреден | без рестрикции | заемане за дома | 147405 | Регионална библиотека "Любен Каравелов" Русе | Регионална библиотека "Любен Каравелов" Русе | Заемна - подръчен фонд | 2010-05-21 | Заемна - подръчен фонд | 20.00 | 120000744525 | П 32/К 25 | 120000744525 | 3 | 10.23 | Дост: DA Вид: А N: 15 Дата: 21.05.2010 Дата инв: 02.02.2018 Бележки инв: П2018 | Книги | ||
| Не е изгубен | Не е повреден | без рестрикции | ползва се в читалня | 147406 | Регионална библиотека "Любен Каравелов" Русе | Регионална библиотека "Любен Каравелов" Русе | Хранилище | 2010-08-20 | Хранилище | 20.00 | 120000745163 | Цб 248122 | 120000745163 | 4 | 10.23 | Дост: Dp Вид: Д N: 48 Дата: 18.11.2009 | Книги |